000 00669nam a2200241 i 4500
001 C2-0302978
003 PPAK
005 20180728084040.0
008 100308s2009 io |||| ||||| | may d
020 _a9789791368490
040 _aPPAK
_beng
_cPPAK
_erda
082 0 4 _a297.1229
_223
090 0 0 _a297.1229
_bALQ
_dR
100 1 _aAl Qurthubi, Syaikh Imam,
_eauthor
245 1 0 _aTafsir Al Qurthubi (jil 20)
264 1 _aJakarta, Indonesia :
_bPustaka Azzam ,
_c2009
300 _axx, 936 pages ;
_c24 cm
336 _2rdacontent
_atext
337 _2rdamedia
_aunmediated
338 _2rdacarrier
_avolume
650 1 0 _aKoran - Hermeneutics
942 _ddc
_cB
999 _c106492
_d106492